На экране и на сцене (Бичлэгийн дугаар. 1155631)

MARC дэлгэрэнгүй
000 -Удирдлага
Ном зүйн бүртгэл тоо буюу кодлох утгыг агуулсан 01270nam a22002657a 4500
003 - ХЯНАЛТЫН ТОО ТОДОРХОЙЛОГЧ
Код MN-UlNLM
005 - ХАМГИЙН СҮҮЛИЙН ҮЕИЙН ХЭЛЦЛИЙН ОГНОО БА ЦАГ
Тухайн бичилтийг бичсэн засварласан сүүлийн огноо. 20250204095209.0
008 - ЕРӨНХИЙ МЭДЭЭЛЭЛ-ЭЛЕМЕНТҮҮДИЙН ӨГӨГДЛИЙН УРТ
fixed length control field 250204s1969 rur||||| |||| 00| 0 rus d
040 ## - ЭХ СУРВАЛЖИЙГ ТОДОРХОЙЛОН БИЧИХ
Анхны каталогийн байгууллага UB01000001
Каталогийн хэл Монгол
Бичлэг хийж нэвтрүүлэх байгууллага MN-UlNLM
Өөрчлүүлэх байгууллага MN-UlNLM
Бичиглэлийн тодорхойлолт rda
041 0# - ХЭЛНИЙ КОД
Текстийн хэлний код/фонограм буюу салангид гарчиг Орос
084 ## - БУСАД АНГИЛЛЫН ДУГААР
Ангиллын нэр Аравтын ангилал
Анги 778.5
Зохиогчийн 3-н тэмдэгт С 242
Шинжлэх ухааны мэдлэгийн салбар Урлаг - 85
100 1# - ЗОХИОГЧИЙН ХЭСЭГ
Зохиогчийн нэр Свердлин, Л.
245 1# - ҮНДСЭН ГАРЧИГ
Гарчиг На экране и на сцене
Оролцогчдын тухай мэдээ Зохиолч: Л. Свердлин; Редактор: М. Веснин
264 #1 - ГАРАЛТЫН МЭДЭЭ
Хэвлэгдсэн газар Москва
Бүтээгч, хэвлэгч, түгээгч, үйлдвэрлэгчийн нэр Бюро продаганы советского киноискусства
Хэвлэгдсэн он 1969
300 ## - ТООНЫ МЭДЭЭ
Хуудасны тоо 55 хуудастай
336 ## - АГУУЛГЫН ТӨРӨЛ
Нөөц rdacontent
Агуулгын төрлийн нөхцөл Текст
Агуулгын төрлийн код txt
337 ## - MEDIA TYPE
Эх сурвалж rdamedia
Файлын төрөл unmediated
Файлын код n
338 ## - CARRIER TYPE
Source rdacarrier
Carrier type term volume
Carrier type code nc
505 ## - FORMATTED CONTENTS NOTE
Title Постижение <<тайного тайных>>-3--
-- Жизнь в образе-20--
-- О ,,красках" роли-28--
-- Дни детства и юности-43--
-- Первая киносъемка-53
546 ## - ХЭЛНИЙ ТУХАЙ МЭДЭЭ
Хэл rus
Хэлний код эсвэл цагаан толгой Кирилл
650 #4 - Сэдэв
Сэдэв Урлагийн шинжлэх ухаан (Кино урлаг)
880 1# - ALTERNATE GRAPHIC REPRESENTATION
Linkage 245-01(N
a Na ėkrane i na st︠s︡ene
c Zohiolch: L. Sverdlin; Redaktor: Мв Besnin
880 #1 - ALTERNATE GRAPHIC REPRESENTATION
Linkage 264-02(N
a Moskva
b Bi︠u︡ro propagandy sovetskogo kinoiskusstva
c 1969
942 ## - ЭЛЕМЕНТИЙН ТӨРӨЛ
Анги Аравтын ангилал
Төрөл Ном
Захиалгууд
Буцаан татагдсан төлөв Хасагдсан шалтгаан Гэмтсэн төлөв Данс заагч Захиалах боломжгүй Үндсэн номын сан Одоогийн байршил Салбар танхим Салбар танхим Бүртгэсэн огноо Бүрдүүлэлтийн эх үүсвэр Тавиурын заалт Баркод Үнэ Хамгийн сүүлд байсан огноо Нийт уншлаганд гарсан тоо Дансны дугаар Ангиллын нэр Төрөл
          МУҮндэсний Номын сан МУҮндэсний Номын сан МУҮНС төв | Монгол судлал фонд МУҮНС төв | Монгол судлал фонд 2025-02-04 Солилцоо 778.5 С 242 002220010380 1.70 2025-02-04   10380 Аравтын ангилал Ном
          МУҮндэсний Номын сан МУҮндэсний Номын сан МУҮНС төв | Монгол судлал фонд МУҮНС төв | Монгол судлал фонд 2025-02-04 Солилцоо 778.5 С 242 002220010381 1.70 2025-02-04   10381 Аравтын ангилал Ном